00298nam a2200121Ia 4500008005000000041000800050082001100058100001400069245003300083260003500116300001800151440000700169240112s1974/JAN-JUNE xx 000 0 und d aeng a616.05 aHUTH J.E. aANNUALS OF INTERNAL MEDICINE bLANCASTER PRESSc1974/JAN-JUNE a808,HBc(1-6) v80